| 000 | 01684 a2200205 4500 | ||
|---|---|---|---|
| 001 | 36305 | ||
| 005 | 20260407155639.0 | ||
| 008 | 260407a1958 arg spa d | ||
| 003 | AR-UNSa-BCEJYS | ||
| 040 |
_aAR-UNSa-BCEJYS _bspa _cAR-UNSa-BCEJYS |
||
| 080 |
_a35 _xAdministración Pública |
||
| 245 | 1 | 0 |
_aPoder discrecional administrativo _p(arbitrio administrativo) |
| 264 | 1 |
_aBuenos Aires : _bAbeledo Perrot _c1958 |
|
| 300 |
_a302 p. _c20 cm. |
||
| 505 | _a1. Arbitrio ordinario y extraordinario - 2. Arbitrio ordinario, extraordinario y norma - 3. Totalidad del ordenamiento jurídico y el arbitrio - 4. Formulas elásticas aplicadas por normas generales o por normas individuales - 5. La fórmula elástica expresada, la construida y la explicitada - 6. Leyes de competencia y normas de competencia - 7. Fines de conducta y regla de especialidad - 8. Competencia y regla de especialidad - 9. Ubicación del contenido dogmático de finalidad en la norma - 10. Estado de derecho y legalidad de la administración - 11. Razonabilidad y valoración jurídica - 12. Las sanciones contra el organo administrativo - 13. El deber de razonabilidad a cargo de la administración en la república argentina - 14. Arbitrio administrativo ordinario y su ejercicio razonable e irrazonable - 15. Arbitrio extraordinario y su ejercicio razonable e irrazonable - 16. Relación entre las formulas de razonabilidad y de finalidad - 17. El acto administrativo con mero fundamento de razonabilidad - 18. Arbitrio administrativo y politica - 19. Recapitulación y género proximo | ||
| 041 | _aspa | ||
| 942 | _cBK | ||
| 590 | _aniveau_biblio:m niveau_hierar:0 | ||
| 100 | 1 | _aLinares, Juan Francisco | |
| 999 |
_c2633 _d2633 |
||